<?xml version="1.0" encoding="UTF-8"?><?xml-stylesheet type="text/xsl" href="static/style.xsl"?><OAI-PMH xmlns="http://www.openarchives.org/OAI/2.0/" xmlns:xsi="http://www.w3.org/2001/XMLSchema-instance" xsi:schemaLocation="http://www.openarchives.org/OAI/2.0/ http://www.openarchives.org/OAI/2.0/OAI-PMH.xsd"><responseDate>2026-06-01T04:33:09Z</responseDate><request verb="GetRecord" identifier="oai:riuma.uma.es:10630/12306" metadataPrefix="marc">https://riuma.uma.es/rest/oai/request</request><GetRecord><record><header><identifier>oai:riuma.uma.es:10630/12306</identifier><datestamp>2026-02-03T12:05:41Z</datestamp><setSpec>com_10630_2254</setSpec><setSpec>col_10630_37959</setSpec></header><metadata><record xmlns="http://www.loc.gov/MARC21/slim" xmlns:dcterms="http://purl.org/dc/terms/" xmlns:doc="http://www.lyncode.com/xoai" xmlns:xsi="http://www.w3.org/2001/XMLSchema-instance" xsi:schemaLocation="http://www.loc.gov/MARC21/slim http://www.loc.gov/standards/marcxml/schema/MARC21slim.xsd">
   <leader>00925njm 22002777a 4500</leader>
   <datafield ind2=" " ind1=" " tag="042">
      <subfield code="a">dc</subfield>
   </datafield>
   <datafield ind2=" " ind1=" " tag="720">
      <subfield code="a">Castro-Higueras, Antonio</subfield>
      <subfield code="e">author</subfield>
   </datafield>
   <datafield ind2=" " ind1=" " tag="260">
      <subfield code="c">2016-10-28</subfield>
   </datafield>
   <datafield ind2=" " ind1=" " tag="520">
      <subfield code="a">En las últimas décadas han surgido una serie de conceptos relacionados con la visión económica de la creatividad y de la cultura. Se habla de industrias culturales, industrias creativas, economía creativa, clase creativa, etc. &#xd;
En este artículo se abordarán estos conceptos, contextualizándolos en su marco político así como la delimitación de los distintos subsectores que comprenden este sector de la economía desde los distintos enfoques existentes. Esta aproximación se realiza desde una perspectiva crítica.&#xd;
El principal objetivo del estudio es determinar los motivos que favorecen la evolución del concepto de industrias culturales y su progresiva hibridación con el término industrias creativas así como los elementos económicos, políticos e ideológicos que subyacen en el cambio de paradigma.&#xd;
Para llevar a cabo la investigación utilizamos el análisis comparativo entre las distintas delimitaciones del sector que proponen las diferentes aproximaciones al concepto. El resultado obtenido tras este análisis confirma la tendencia economicista de las políticas culturales en cuanto a la generación de riqueza  y su progresiva integración y disolución en el amplio campo de las industrias creativas.</subfield>
   </datafield>
   <datafield ind1="8" ind2=" " tag="024">
      <subfield code="a">http://hdl.handle.net/10630/12306</subfield>
   </datafield>
   <datafield ind1="8" ind2=" " tag="024">
      <subfield code="a">http://orcid.org/0000-0001-7406-5550</subfield>
   </datafield>
   <datafield tag="653" ind2=" " ind1=" ">
      <subfield code="a">Política cultural</subfield>
   </datafield>
   <datafield ind2="0" ind1="0" tag="245">
      <subfield code="a">Industrias culturales vs industrias creativas: un análisis crítico</subfield>
   </datafield>
</record>
</metadata></record></GetRecord></OAI-PMH>